| 000 | 00685cam a2200229 a 4500 | ||
|---|---|---|---|
| 001 | 479221 | ||
| 005 | 20250722102114.0 | ||
| 008 | 840523s1984 tnu 001 0 eng | ||
| 020 |
_a0687338468 _qpbk. |
||
| 020 |
_a9780687338467 _q(pbk.) |
||
| 050 | 0 | 0 |
_aBS534.5 _b.P73 1984 |
| 082 | 0 | 0 |
_a251 _219 |
| 245 | 0 | 0 |
_aPreaching the new Common lectionary. _pYear B, Lent, Holy Week, Easter / _ccommentary by Fred B. Craddock [et al.]. |
| 260 |
_aNashville : _bAbingdon Press, _cc1984. |
||
| 300 |
_a254 p. ; _c22 cm. |
||
| 500 | _aIncludes index. | ||
| 650 | 0 | _aLent. | |
| 650 | 0 | _aHoly Week. | |
| 650 | 0 | _aEaster. | |
| 700 | 1 |
_aCraddock, Fred B., _cJr., _d1928-2015. |
|
| 942 |
_2lcc _cBK _n0 |
||
| 999 |
_c7088 _d7088 |
||